=LDR 00000nam 2200000 4500 =001 INLIS000000000010210 =005 20170214112710.0 =006 =007 =008 Ind =035 ##$$0010-061300000010210 =041 ##$$a Ind =082 ##$$a 610.730 4 =090 ##$$a 610.730 4, Pri p =100 ##$$a Priharjo, Robert =245 ##$$a Pengantar etika keperawatan, Robert Priharjo =260 ##$$a 1995 $b Yogyakarta =300 ##$$a 72 hlm, 21 cm =650 ##$$a Perawat dan Perawatan - Etika =850 ##$$a NBPNMAT